000 00551nam a22001817a 4500
005 20251108164237.0
008 250721s1995 xx 000 0 ara d
082 1 4 _a791.44/شكر
100 1 _aشكري، عبد المجيد
245 1 0 _aفنون الراديو في ضوء متغيرات العصر /
264 1 _aالقاهره :
_bالعربي للنشر و التوزيع،
_c1995.
300 _a231ص.
650 1 7 _aالراديو
650 1 7 _aالإذاعه
650 1 7 _aوسائل الإتصال
942 _2ddc
_cBK
999 _c7290
_d7290